Retraite pour les dix jours qui précèdent celui de la profession a l'usage de l'ordre de notre-dame du Mont-Carmel et des autres communautés religieuses / par la Rde. mère X***, carmélite d'Aix auteur des Pensées sur la charge de prieure des Pensées sur la charge de maîtresse des novices, etc., etc.

Detalles Bibliográficos
Autor principal: Marie de la Conception, O. C. D., m. 1881
Formato: Libro
Lenguaje:French
Publicado: Tourcoing-Lille (Nord) : imprimerie de la Bibliothèque de tout le monde, s.a.
Materias:
Colección:Banco de datos
Acervo:Seminario Conciliar de Nuestra Señora de Guadalupe Querétaro. Qro.. Biblioteca Florencio Rosas. Fondo Histórico
Descripción Física:160 p. ; 15 cm.
Tema general:Ascética - Religiosos
Espiritualidad
Notas:Colofón: Wervicq. Imp. de Vansuyt-Deltour, rue Neuve 5 et 7
LEADER 01022nam a22002050004500
035 |a 3437 
041 0 |a fre 
100 1 |a Marie de la Conception, O. C. D., m. 1881 
245 1 0 |a Retraite pour les dix jours qui précèdent celui de la profession a l'usage de l'ordre de notre-dame du Mont-Carmel et des autres communautés religieuses / par la Rde. mère X***, carmélite d'Aix auteur des Pensées sur la charge de prieure des Pensées sur la charge de maîtresse des novices, etc., etc. 
260 |a Tourcoing-Lille (Nord) : imprimerie de la Bibliothèque de tout le monde, s.a. 
300 |a 160 p. ; 15 cm. 
500 |a Colofón: Wervicq. Imp. de Vansuyt-Deltour, rue Neuve 5 et 7 
501 |a 6 obras 
504 |a Incluye índice de contenido 
650 1 0 |a Ascética - Religiosos 
650 1 0 |a Espiritualidad 
949 |a Fondo Histórico: 8517-D 
942 |c Q.R.H.T 
943 |g Seminario Conciliar de Nuestra Señora de Guadalupe Querétaro. Qro.. Biblioteca Florencio Rosas. Fondo Histórico 
999 |c 1084892  |d 1084892